000 00631cam a2200205 a 4500
001 000009647
005 20200929161645.0
008 760220s1975 cu f000 0 spa
040 _aDO-SdBNP
_cDLC
_dDLC
082 _aCh862.44
_bS573p
100 1 _aSieveking, Alejandro,
_d1934-
_98205
245 1 0 _aPequeños animales abatidos /
_cAlejandro Sieveking.
260 _aLa Habana :
_bCasa de las Américas,
_c1975.
300 _a107 p. ;
_c20 cm.
586 _aPremio Casa de las Américas, 1974
650 4 _aTeatro chileno
_924526
650 4 _aLiteratura chilena
_93164
910 _aCatalogación por copia / LC
049 _aBNGR
999 _c9407
_d9407